[Event "Giraldilla de La Habana op"]
[Site "Havana"]
[Date "2018.08.02"]
[Round "8"]
[White "Martinez Mesa, Chaneli"]
[Black "Torres Baracaldo, Eric"]
[Result "1-0"]
[WhiteElo "1874"]
[BlackElo "1623"]
[PlyCount "89"]
[EventDate "2018.07.28"]
[EventType "swiss"]
[EventRounds "9"]
[EventCountry "CUB"]
[SourceTitle "EXT 2021"]
[Source "ChessBase"]
[SourceDate "2020.10.23"]
[SourceVersion "1"]
[SourceVersionDate "2020.10.23"]
[SourceQuality "1"]

1. e4 c5 2. Nc3 d6 3. g3 Nc6 4. Bg2 g6 5. Nf3 Bg7 6. d3 e6 7. Bf4 a6 8. a4 Nge7 9. 0-0 0-0 10. Qd2 Re8 11. Bh6 e5 12. Bxg7 Kxg7 13. Nh4 Be6 14. f4 f5 15. fxe5 dxe5 16. Rae1 Qd4+ 17. Kh1 Rad8 18. exf5 Bxf5 19. Nxf5+ Nxf5 20. Re4 Qd6 21. Qg5 Kh8 22. Ree1 Qe7 23. Qc1 Nb4 24. Rf2 Nd4 25. Ref1 Rf8 26. Ne4 Ndxc2 27. Rxc2 Nxc2 28. Qxc2 b6 29. Qc4 Rxf1+ 30. Bxf1 a5 31. Qb5 Qe6 32. h4 Rd4 33. Ng5 Qf6 34. Bg2 h6 35. Qe8+ Kg7 36. Ne6+ Kh7 37. Nxd4 exd4 38. Kg1 Kg7 39. Be4 Qd6 40. Kg2 c4 41. dxc4 d3 42. Qc6 Qd4 43. Qxg6+ Kf8 44. Qxh6+ Ke7 45. Qh7+ 1-0

[Event "Giraldilla de La Habana op"]
[Site "Havana"]
[Date "2018.07.28"]
[Round "2"]
[White "Canda Orta, Jasiel"]
[Black "Torres Baracaldo, Eric"]
[Result "1-0"]
[WhiteElo "2021"]
[BlackElo "1623"]
[PlyCount "91"]
[EventDate "2018.07.28"]
[EventType "swiss"]
[EventRounds "9"]
[EventCountry "CUB"]
[SourceTitle "EXT 2021"]
[Source "ChessBase"]
[SourceDate "2020.10.23"]
[SourceVersion "1"]
[SourceVersionDate "2020.10.23"]
[SourceQuality "1"]

1. d4 d5 2. Nf3 Bf5 3. Bf4 Nf6 4. e3 Nbd7 5. c4 dxc4 6. Bxc4 Nb6 7. Be2 e6 8. Nc3 Nbd5 9. Bg5 Bb4 10. Qb3 c6 11. 0-0 Qb6 12. Na4 Qc7 13. a3 Be7 14. Rac1 Ne4 15. Bxe7 Qxe7 16. Nc5 Nxc5 17. Rxc5 0-0 18. Rfc1 Be4 19. Nd2 Bg6 20. Bf3 Rfd8 21. Qa2 Bd3 22. b4 a5 23. bxa5 Qc7 24. Qb3 Bg6 25. Nc4 f6 26. Bxd5 Rxd5 27. Nb6 Rxc5 28. Rxc5 Re8 29. h3 Bf7 30. Qc2 Qd8 31. Qb2 e5 32. dxe5 Rxe5 33. Rxe5 Qd1+ 34. Kh2 Qd6 35. f4 fxe5 36. Qxe5 Qxe5 37. fxe5 Bb3 38. Nd7 Bc4 39. Nc5 Ba6 40. e6 g5 41. Kg3 Kg7 42. e4 Kf6 43. e5+ Kg6 44. Kf3 h5 45. Ke4 g4 46. h4 1-0

[Event "Portela Memorial tt"]
[Site "Havana"]
[Date "2018.07.20"]
[Round "4.5"]
[White "Torres Baracaldo, Eric"]
[Black "Reyes Oquendo, Samuel Moises"]
[Result "1-0"]
[WhiteElo "1623"]
[BlackElo "1674"]
[PlyCount "55"]
[EventDate "2018.07.16"]
[EventType "team-tourn"]
[EventRounds "9"]
[EventCountry "CUB"]
[SourceTitle "EXT 2021"]
[Source "ChessBase"]
[SourceDate "2020.10.23"]
[SourceVersion "1"]
[SourceVersionDate "2020.10.23"]
[SourceQuality "1"]

1. d4 Nf6 2. c4 g6 3. Nc3 Bg7 4. e4 d6 5. g3 0-0 6. Bg2 c6 7. h3 e5 8. Be3 Nbd7 9. Nf3 Qe7 10. dxe5 dxe5 11. 0-0 Nb6 12. Qe2 Qc7 13. c5 Nbd7 14. b4 b6 15. cxb6 axb6 16. Rfc1 Qd6 17. b5 c5 18. Rd1 Qe7 19. Nd2 Rd8 20. Nc4 Bb7 21. a4 Ne8 22. Ra2 Bf8 23. Rad2 Qf6 24. Rxd7 Rxd7 25. Rxd7 Bc8 26. Rd2 Nc7 27. Qd1 Be6 28. Nxb6 1-0